Statistics for One Direction Songs

Click here to take the quiz!

General Stats

  • This quiz has been taken 5,699 times
    (2,809 since last reset)
  • The average score is 16 of 27

Answer Stats

HintAnswer% Correct
WMYBWhat Makes You Beautiful
94%
KYKiss You
79%
LTLittle Things
79%
LWWYLive While We're Young
77%
GBYGotta Be You
73%
IWI Want
73%
OTOne Thing
72%
IWI Wish
68%
UANUp All Night
66%
CCC'mon C'mon
65%
TTaken
65%
OAOver Again
62%
RMRock Me
62%
TDKAUThey Don't Know About Us
58%
LFKLast First Kiss
57%
MTTMore Than This
54%
BFYBack For You
52%
SMSame Mistakes
52%
ISKYI Should've Kissed You
51%
HAHeart Attack
49%
SYTSave You Tonight
49%
EAYEverything About You
48%
CMMChange My Mind
47%
TMALTell Me A Lie
45%
AWAnother World
43%
SMHStole My Heart
43%
FYForever Young
33%

Score Distribution

Percentile by Number Answered

Percent of People with Each Score

Your Score History

You have not taken this quiz since the last reset